000 00784nam a2200241Ia 4500
003 OSt
005 20220923215538.0
006 a|||||r|||| 00| 0
007 ta
008 220922b |||||||| |||| 00| 0 hin d
024 _a179,642
037 _cTextual
040 _aARTS
_cARTS
_bhin
041 _2hin
_ahin
082 _aO152,1J32:g, L6
100 _aत्रिभुवन सिंह
245 0 _aतुलसी सन्दर्भ और समीक्षा
246 _aTulasī sandarbha aur samīkṣhā
260 _aवाराणसी
_b तुलसी शोध संस्थान
_c1976
300 _a664 पृ.
_ccm.
942 _hO152,1J32:g, L6
_cTEXL
_2CC
999 _c333023
_d333023